000
00310nam a2200133Ia 4500
008
230312s9999||||xx |||||||||||||| ||und||
020
_a
3-8290-2233-6
082
_a
720.19
_b
HIS
245
0
_a
Historical Paradors
260
_b
Konemann
_a
Germany
_c
1999
300
_a
254
650
_a
Architecture
942
_c
BK
999
_c
11855
_d
11855